[Event "Madrid-ch Previa-A"]
[Site "Madrid"]
[Date "2019.02.19"]
[Round "8"]
[White "Becerra Baigorri, Jose"]
[Black "Marivela Santos, Juan Carlos"]
[Result "1-0"]
[WhiteElo "1479"]
[BlackElo "1677"]
[PlyCount "113"]
[EventDate "2019.02.04"]
[EventType "swiss"]
[EventRounds "9"]
[EventCountry "ESP"]
[SourceTitle "EXT 2021"]
[Source "ChessBase"]
[SourceDate "2020.10.23"]
[SourceVersion "1"]
[SourceVersionDate "2020.10.23"]
[SourceQuality "1"]

1. e4 c5 2. Nf3 d6 3. d4 cxd4 4. Nxd4 Nf6 5. Nc3 a6 6. Be2 e5 7. Nb3 Be6 8. 0-0 Be7 9. Be3 0-0 10. h3 Nbd7 11. Qd2 Nc5 12. Nxc5 dxc5 13. Rfd1 Qxd2 14. Rxd2 Rfd8 15. Rad1 Rxd2 16. Rxd2 b5 17. f3 c4 18. Nb1 Rd8 19. c3 Rxd2 20. Nxd2 Nd7 21. Kf2 Nc5 22. Bxc5 Bxc5+ 23. Ke1 Kf8 24. a4 Ke7 25. axb5 axb5 26. Kd1 Kd6 27. Kc2 g6 28. g4 g5 29. Nf1 Kc6 30. Ng3 b4 31. Nh5 b3+ 32. Kd2 Bf8 33. Ng3 f6 34. Nh5 Be7 35. Ng7 Bf7 36. Nf5 Bf8 37. Ne3 Kc5 38. Ke1 h5 39. gxh5 Be6 40. Ng4 Bg7 41. h6 Bh8 42. Kf2 Kd6 43. Kg3 Kc5 44. h4 Bf7 45. hxg5 fxg5 46. Ne3 Be6 47. Nf5 Bf6 48. Kg4 Bf7 49. Ng7 Bg6 50. Ne6+ Kb5 51. Nxg5 Kc5 52. Ne6+ Kb5 53. Nc7+ Kc5 54. Nd5 Bd8 55. Ne3 Bf7 56. Kf5 Kb5 57. h7 1-0